Statistics for Element Symbol by letter "A"

Click here to take the quiz!

General Stats

  • This quiz has been taken 25 times
    (22 since last reset)
  • The average score is 7 of 8

Answer Stats

HintAnswer% Correct
AlAluminium
100%
ArArgon
100%
AuGold
100%
AgSilver
92%
AsArsenic
85%
AcActinium
69%
AmAmericium
69%
AtAstatine
54%

Score Distribution

Percentile by Number Answered

Percent of People with Each Score

Your Score History

You have not taken this quiz since the last reset